00687 a2200157 4500020001500000020001800015082001600033100002200049245010500071250001200176260003700188300002100225505023100246700002800477700002400505 a0127039708 a978012703970104a621.367,TUR1 aTurner, Martin J.10aFractal geometry in digital imaging /cMartin J. Turner, Jonathan M. Blackledge, Patrick R. Andrews. a1st ed. a[S.l.] :bAcademic Press,c1998. a328 p. ;c25 cm. aPart 1:- Fractal Geometry (Page-13), Part 2:- Fractals to Segment Images (Page-79), Part 3:- Fractals to Create Images (Page-161), Part 4:- Images to Create Fractals (Page-203), Part 5:- Conclusions and Appendices (Page-253).1 aBlackledge, Jonathan M.1 aAndrews, Patrick R.